00285nam a2200109Ia 4500008004100000082001400041100001300055245004800068260002900116300000800145650002200153191201s2019 xx 000 0 und d a615.1 RAH aRAJE, VN 0aHospital and clinical pharmacy for 2nd year bCBS PubaNew Delhic2019 a220 aHospital Pharmacy